000 03641nam a2200433 i 4500
001 53078
003 ES-MaCES
005 20251115040005.0
008 240221s2023 uk || 000 | eng d
020 _a9781914484445 (UK hbk)
040 _aES-MaCES
_bspa
_cES-MaCES
041 1 _aeng
_hfre
100 1 _940927
_aPitron, Guillaume
245 1 2 _aThe dark cloud
_b: how the digital world is costing the earth
_cGuillaume Pitron ; tr. by Bianca Jacobsohn
250 _a1st ed
260 _aLondon
_bScribe
_c2023
300 _aI, 290 p.
_c24 cm
500 _aTraducción de: L'enfer numérique in 2021
520 3 _aUna nueva y apasionante investigación sobre la parte más vulnerable de la tecnología digital, que revela no sólo lo costoso que es el mundo virtual, sino también lo dañino que es para el medio ambiente. Un simple “me gusta” enviado desde nuestros teléfonos inteligentes movilizará lo que pronto constituirá la mayor infraestructura construida por el hombre. Esta pequeña notificación, atravesando las siete capas operativas de Internet, viaja alrededor del mundo, utilizando cables submarinos, antenas telefónicas y centros de datos, llegando hasta el Círculo Polar Ártico. Resulta que el mundo digital “desmaterializado”, esencial para comunicar, trabajar y consumir, es mucho más tangible de lo que nos gustaría creer. Hoy en día, absorbe el 10 por ciento de la electricidad mundial y representa casi el 4 por ciento de las emisiones de dióxido de carbono del planeta. Estamos luchando por comprender estos impactos, ya que están ocultos para nosotros en el espejismo de "la nube". Algunos números reveladores: Si la tecnología digital fuera un país, sería el tercer consumidor de electricidad detrás de China y Estados Unidos. Un correo electrónico con un archivo adjunto de gran tamaño consume tanta energía como una bombilla encendida durante una hora. Cada año, la tecnología de streaming genera tantos gases de efecto invernadero como España: cerca del 1 por ciento de las emisiones globales. Una búsqueda en Google consume tanta electricidad como una bombilla que se deja encendida durante hasta dos minutos. Toda la humanidad produce cinco exabytes de datos al día, el equivalente a lo que consumimos desde los inicios de Internet hasta 2003, una cantidad que llenaría 10 millones de discos Blu-ray que, amontonados, serían tan altos como la Torre Eiffel. . En un momento de despliegue del 5G, de los coches conectados y de la inteligencia artificial, The Dark Cloud, resultado de una investigación realizada durante dos años en cuatro continentes, revela la anatomía de una tecnología virtual sólo de nombre. Con el pretexto de limitar el impacto del ser humano en el planeta, ya se está afirmando como uno de los grandes desafíos medioambientales del siglo XXI.
541 _cCompra
650 4 _anuevas tecnologías
_930788
650 4 _atecnología de la información
_930104
650 4 _aInternet
_930572
650 4 _ainteligencia artificial
_930166
650 4 _acambio tecnológico
_928236
650 4 _aeconomía colaborativa
_937923
650 4 _apolítica de las telecomunicaciones
_930438
650 4 _ainfraestructura
_928025
650 4 _acambio social
_927286
650 4 _aevaluación del impacto ambiental
_930344
650 4 _adegradación del medio ambiente
_930722
650 4 _acontaminación ambiental
_928739
650 4 _acambio climático
_930961
653 1 0 _aMedio ambiente
700 1 _940947
_aJacobsohn, Bianca
_etr.
740 2 2 _aL'enfer numérique in 2021
902 _aLIB Libro
942 _2CES
_cBK
_h4.2.
999 _c53078
_d53078